000 00629nam a2200241Ia 4500
003 OSt
005 20220918174922.0
006 a|||||r|||| 00| 0
007 ta
008 220917b |||||||| |||| 00| 0 eng d
024 _a14,748
037 _cTextual
040 _aARTS
_cARTS
_beng
041 _2eng
_aeng
082 _aN8:S, F7
100 _aSchoen Max ed
_952202
245 0 _aEffects of music
260 _c1927
490 _aInternational library of psychology and scientific methosd ed by C K Ogden; 49
650 _aARTS
942 _hN8:S, F7
_cTEXL
_2CC
999 _c155224
_d155224